[Event "Ruhrgebiet VK3 0304"]
[Site "Ruhrgebiet"]
[Date "2003.12.07"]
[Round "4.8"]
[White "Boemelburg, Raphael"]
[Black "Neumann, Paul"]
[Result "0-1"]
[WhiteElo "1557"]
[BlackElo "1719"]
[PlyCount "94"]
[EventDate "2003.09.28"]
[EventType "team"]
[EventRounds "9"]
[EventCountry "GER"]
[SourceTitle "EXT 2007"]
[Source "ChessBase"]
[SourceDate "2006.11.23"]
[SourceVersion "1"]
[SourceVersionDate "2006.11.23"]
[SourceQuality "1"]
[WhiteTeam "Linden"]
[BlackTeam "Laeufer Ost"]
[WhiteTeamCountry "GER"]
[BlackTeamCountry "GER"]

1. e4 e6 2. d3 c5 3. Nf3 Nc6 4. Nbd2 Nf6 5. g3 d5 6. Bg2 dxe4 7. dxe4 e5 8. 0-0 Bg4 9. Re1 Qc7 10. c3 Rd8 11. Qb3 Be7 12. h3 Be6 13. Qc2 h6 14. Nf1 Qd7 15. Be3 Bxh3 16. Rad1 Qe6 17. Rxd8+ Kxd8 18. Rd1+ Kc7 19. b4 Bxg2 20. Kxg2 Ng4 21. Bxc5 Bxc5 22. bxc5 Rd8 23. Rxd8 Nxd8 24. Qd3 Nf6 25. Ne3 Nc6 26. Nf5 Ne8 27. Qd5 h5 28. Nd6 Nxd6 29. cxd6+ Kd7 30. c4 f6 31. Nh4 Qxd5 32. cxd5 Nd4 33. Nf3 Nb5 34. Nh4 Nxd6 35. f3 g5 36. Ng6 Ke8 37. f4 exf4 38. gxf4 Nxe4 39. fxg5 fxg5 40. a3 Nf6 41. d6 Nd7 42. Kf3 Kf7 43. Nh8+ Kg7 44. Ke4 Kxh8 45. Kf5 g4 46. Ke6 Nc5+ 47. Kd5 b6 0-1